Les 15 joueurs avec la plus grosse valeur marchande de ligue 2 24/25 - Statistiques

Statistiques générales
  • Ce quiz a été pris 29 fois
  • Le résultat moyen est 6 sur 15
Statistiques - réponses
Valeur (Millions) Club Joueur % Correct
7.5 Paris FC Maxime López
81%
4 SM Caen Alexandre Mendy
78%
4.5 Lorient FC Formose Mendy
74%
15 Lorient FC Eli Junior Kroupi
63%
3 Lorient FC Yvon Mvogo
44%
4 Lorient FC Bamba Dieng
41%
7 Lorient FC Montassar Talbi
41%
4.5 Paris FC Jean-Philippe Krasso
37%
6 Lorient FC Mohamed Bamba
37%
3.5 Lorient FC Julien Ponceau
33%
3.5 Lorient FC Gédéon Kalulu
19%
7 Lorient FC Isaak Touré
19%
3.5 Lorient FC Joel Mvuka
19%
6 Lorient FC Jean-Victor Makengo
15%
3.5 SM Caen Brahim Traoré
11%
Aucun quiz correspondant
Distribution des résultats
% des personnes avec chaque résultat
Percentile par nombre de réponses
Votre historique - résultats
Vous n’avez pas pris ce quiz